| 000 | 00517nam a2200193Ia 4500 | ||
|---|---|---|---|
| 003 | OSt | ||
| 005 | 20240529164417.0 | ||
| 008 | 210719s1979 xx 000 0 und d | ||
| 040 | _cAL | ||
| 041 | _aKannada | ||
| 082 | _aK894.2 DAMA | ||
| 100 |
_aDAMODARA SHETTI (N) _9132282 _dದಾಮೋದರ ಶೆಟ್ಟಿ (ಎನ್) |
||
| 245 |
_aArpane. _bಅರ್ಪಣೆ |
||
| 260 |
_aMangaluru _bPrakashalaya _c1979 |
||
| 300 |
_a32 _bPB |
||
| 365 | _cRs | ||
| 650 |
_aKannada Drama _9132283 |
||
| 942 |
_2ddc _cBK |
||
| 999 |
_c212150 _d212150 |
||